000 00362nam a2200133 i 4500
001 bg
100 1 _aNIEŁACNY, M.
245 0 _aMatematyczne modelowanie uderzeń hydraulicznych w deszczownianej sieci wodociągowej /
_cM.Niełacny.
260 _aPoznań,
_c1989.
040 _cBPK
041 _apol
942 _cKS
008 s pl f |000 0 pol
999 _c29010
_d29010
856 _uhttp://koha.tu.koszalin.pl/cgi-bin/koha/opac-detail.pl?biblionumber=29010
_yKatalog online BPK